000
00279nam a22001097a 4500
008
240529b |||||||| |||| 00| 0 eng d
100
_a
Matiyani, Shailesh
_9
14745
245
_a
Do Dukho Ka Ek Sukh
260
_a
AIlahabad:
_b
Kitab Mahal Pub;
_c
1966.
300
_a
254p.
942
_c
BK
999
_c
38242
_d
38242